Contra toda esperanza

Zapisane w:
Opis bibliograficzny
1. autor: Valladares, Armando (Autor)
Format: Książka
Język:hiszpański
Wydane: Buenos Aires Kosmos 1985
Hasła przedmiotowe:
Etykiety: Dodaj etykietę
Nie ma etykietki, Dołącz pierwszą etykiete!

MARC

LEADER 00000nam a2200000 a 4500
001 UCO1154
003 CL-VaPUC
008 000512e19850000AG |||||||||||||||||spa|d
082 0 4 |a 972.91064  |b VAL  |2 21 
100 0 |a Valladares, Armando  |e author  |9 443019 
245 1 0 |a Contra toda esperanza 
300 |a 412 p 
942 |c BK 
945 |d 20000512 00:00:00  |a crobeson 
260 |a Buenos Aires  |b Kosmos  |c 1985 
650 7 |a HISTORIA DE CUBA  |2 CL-VaPUC  |9 434680 
650 7 |a REVOLUCION CUBANA  |2 CL-VaPUC  |9 340347 
650 7 |a MARXISMO LENINISMO  |2 CL-VaPUC  |9 259250 
650 0 |a Historia y crítica   |9 257407 
651 7 |a CUBA  |2 CL-VaPUC  |9 255263 
583 |a last modification  |c 20000512 00:00:00  |k Rodrigo Vera 
999 |c 287783  |d 287781 
952 |0 0  |1 0  |4 0  |6 972_910640000000000_VAL_1985  |7 0  |8 A  |9 334827  |a BIBHIS  |b BIBHIS  |d 2019-11-20  |i 1274252  |o 972.91064 VAL 1985  |p 1274252  |r 2025-01-20  |w 2019-11-20  |y BK  |k HIS